MyGZULibrary

Employment law / (Record no. 3120)

MARC details
000 -LEADER
fixed length control field 00997cam a2200301 a 4500
001 - CONTROL NUMBER
control field 12198218
003 - CONTROL NUMBER IDENTIFIER
control field GZU
005 - DATE AND TIME OF LATEST TRANSACTION
control field 20201118083040.0
008 - FIXED-LENGTH DATA ELEMENTS--GENERAL INFORMATION
fixed length control field 001002s1999 enk b 001 0 eng
010 ## - LIBRARY OF CONGRESS CONTROL NUMBER
LC control number 00456437
020 ## - INTERNATIONAL STANDARD BOOK NUMBER
International Standard Book Number 0333753585
035 ## - SYSTEM CONTROL NUMBER
System control number (UkLWHE)e000224052
040 ## - CATALOGING SOURCE
Original cataloging agency DLC
Transcribing agency DLC
Modifying agency DLC
043 ## - GEOGRAPHIC AREA CODE
Geographic area code e-uk---
050 00 - LIBRARY OF CONGRESS CALL NUMBER
Classification number KD3009
Item number .L63 1999
082 00 - DEWEY DECIMAL CLASSIFICATION NUMBER
Classification number 344.4101
Edition number 21
100 1# - MAIN ENTRY--PERSONAL NAME
Personal name Lockton, Deborah.
245 10 - TITLE STATEMENT
Title Employment law /
Statement of responsibility, etc. Deborah J. Lockton.
250 ## - EDITION STATEMENT
Edition statement 3rd ed.
260 ## - PUBLICATION, DISTRIBUTION, ETC.
Place of publication, distribution, etc. Houndsmills, Basingstoke, Hampshire :
Name of publisher, distributor, etc. Macmillan,
Date of publication, distribution, etc. 1999.
300 ## - PHYSICAL DESCRIPTION
Extent xliii, 339 p. ;
Dimensions 22 cm.
440 #0 - SERIES STATEMENT/ADDED ENTRY--TITLE
Title Macmillan law masters
504 ## - BIBLIOGRAPHY, ETC. NOTE
Bibliography, etc. note Includes bibliographical references and index.
650 #0 - SUBJECT ADDED ENTRY--TOPICAL TERM
Topical term or geographic name entry element Labor laws and legislation
Geographic subdivision Great Britain.
906 ## - LOCAL DATA ELEMENT F, LDF (RLIN)
a 7
b cbc
c origres
d 2
e ncip
f 20
g y-gencatlg
942 ## - ADDED ENTRY ELEMENTS (KOHA)
Source of classification or shelving scheme Library of Congress Classification
Koha item type Books
Edition 3rd ed.
Classification part 3009
Item part LOC
Call number prefix KD
Call number suffix 1994
Holdings
Withdrawn status Lost status Damaged status Not for loan Collection code Home library Current library Shelving location Date acquired Total Checkouts Full call number Barcode Date last seen Date last checked out Copy number Price effective from Koha item type
        Non-fiction City Campus Library City Campus Library General Stacks 11/18/2020 1 KD3009 LOC 1994 000705 05/22/2023 05/17/2023 c.1 11/18/2020 Books